Statistiques concernant Pays commençant par la lettre P

Cliquez ici pour prendre le quiz!

Statistiques générales

  • Ce quiz a été pris 44 232 fois
    (42 560 depuis la dernière actualisation)
  • Le résultat moyen est 7 sur 10

Statistiques - réponses

Pays% Correct
Portugal
88%
Pérou
86%
Pakistan
83%
Pologne
80%
Panama
75%
Paraguay
74%
Palaos
62%
Papouasie-Nouvelle-Guinée
60%
Philippines
60%
Pays-Bas
46%

Distribution des résultats

Percentile par nombre de réponses

% des personnes avec chaque résultat

Votre développement - résultats

Vous n’avez pas pris ce quiz depuis la dernière actualisation